| 000 | 00449nam a22001217a 4500 | ||
|---|---|---|---|
| 082 | _a220 PRO | ||
| 100 |
_aNC Usman Ali Khan NC Areeb Usman NC Saman Khan GC Mohsin Ali _971742 |
||
| 245 | _aPR-SOF-1673-STANDARDIZATION OF INDUSTRIAL DEVICES ON SIMATIC PLATFORM | ||
| 260 |
_aISLAMABAD _bNUST COLLEGE OF EME _c2018 |
||
| 650 |
_aDE-MTS-36 _971743 |
||
| 700 |
_aSupervised Dr. Umar Shahbaz Khan Dr. Mohsin Tiwana Col. Nasir Rashid _971744 |
||
| 942 | _cCR | ||
| 999 |
_c578098 _d578098 |
||